000 01002cam a22003138a 4500
008
020 _a9780723434061 (pbk.)
049 _aMAIN
090 _aRC71
_bBHA
100 1 _aBhangu, Aneel.
245 1 0 _aOSCEs in medicine and surgery /
_cAneel Bhangu.
260 _aEdinburgh :
_bMosby,
_c2009.
300 _axii, 221 p. :
_bill. ;
_c23 cm.
440 0 _aCrash course
500 _aIncludes index.
504 _aIncludes bibliographical references.
650 0 _aDiagnosis
_vExaminations, questions, etc.
650 0 _aPhysical diagnosis
_vExaminations, questions, etc.
650 0 _aMedical history taking
_vExaminations, questions, etc.
650 0 _aClinical competence
_vExaminations, questions.
650 1 2 _aClinical Medicine.
650 1 2 _aPhysical Examination.
650 2 2 _aClinical Competence.
907 _a.b10314088
_b29-08-12
_c07-05-12
003
005 20230123125431.0
040 _cNUST
942 _cBOOKS
_kRC71
_mBHA
999 _c141435
_d141435